[Event "It (open) (b)"]
[Site "Cullera (Spain)"]
[Date "2012.08.30"]
[Round "8"]
[White "Roca Cruz Rafael"]
[Black "Romero Calduch Sergio"]
[Result "0-1"]
[WhiteElo "2029"]
[BlackElo "1972"]

1.e4 e6 2.d4 d5 3.Nd2 Nf6 4.e5 Nfd7 5.Bd3 c5 6.c3 Nc6 7.Ne2 cxd4 8.cxd4 f6
9.exf6 Nxf6 10.Nf3 Bd6 11.Nc3 O-O 12.O-O Bd7 13.Be3 a6 14.Rc1 Qe8 15.Ne2 Nh5
16.Ng3 Nf4 17.Bb1 Rc8 18.a3 Qe7 19.Re1 Qf6 20.Qd2 Nxg2 21.Qd3 g6 22.Bh6 Nxe1
23.Rxe1 Qxf3 {#R} 0-1

[Event "Tournament (Elo) (b)"]
[Site "Budapest (Hungary)"]
[Date "2012.09.04"]
[Round "4"]
[White "Lukacs Albert (HUN)"]
[Black "Mayer Istvan (HUN)"]
[Result "0-1"]
[WhiteElo "1861"]
[BlackElo "2106"]

1.e4 e6 2.d4 d5 3.Nd2 Nf6 4.Bd3 c5 5.e5 Nfd7 6.c3 Nc6 7.Ne2 Qb6 8.Nf3 cxd4
9.cxd4 Bb4+ 10.Kf1 h6 11.h4 Be7 12.Rh3 Nf8 13.Nf4 Bd7 14.Nh5 g6 15.Nf6+ Kd8
16.Rg3 Nb4 17.Bb1 Rc8 18.Nh7 Rxh7 19.a3 Qa6+ 20.Kg1 Rh8 21.axb4 Qxa1 {#R} 0-1

[Event "Ch Romania (team) (juniors) (under 12) (g)"]
[Site "Mamaia (Romania)"]
[Date "2012.09.05"]
[Round "4"]
[White "Jakab Kincsa"]
[Black "Coman Emilia-Florentina"]
[Result "0-1"]
[WhiteElo "1625"]
[BlackElo "1517"]

1.e4 e6 2.d4 d5 3.Nd2 Nf6 4.e5 Nfd7 5.Bd3 c5 6.c3 Nc6 7.Ne2 cxd4 8.cxd4 f6
9.exf6 Nxf6 10.Nf3 Bd6 11.Bf4 Bxf4 12.Nxf4 Qd6 13.g3 Qb4+ 14.Qd2 Qxd2+ 15.Kxd2
O-O 16.Bb5 Nb4 17.a3 Ne4+ 18.Ke2 Nc6 19.Bxc6 bxc6 20.h4 Rb8 21.Rab1 Ba6+
22.Ke3 Rb3+ {#R} 0-1

[Event "Ch Romania (team) (superliga)"]
[Site "Mamaia (Romania)"]
[Date "2012.09.24"]
[Round "3"]
[White "Manole Stefan (ROM)"]
[Black "Siclovan Cristian-Danut (ROM)"]
[Result "0-1"]
[WhiteElo "2136"]
[BlackElo "2165"]

1.e4 e6 2.d4 d5 3.Nd2 Nf6 4.e5 Nfd7 5.Bd3 c5 6.c3 Nc6 7.Ne2 cxd4 8.cxd4 f6
9.exf6 Qxf6 10.Nf3 Bb4+ 11.Bd2 Bxd2+ 12.Qxd2 O-O 13.O-O e5 14.dxe5 Ndxe5
15.Nxe5 Nxe5 16.Bb5 Be6 17.Nd4 Bf7 18.b3 Bg6 19.Rae1 a6 20.f4 Nd3 21.Ne6 Nxe1
22.Nxf8 Rxf8 23.Bd7 Nd3 24.f5 Qd4+ {#R} 0-1

[Event "Bundesliga 2012/13 (w)"]
[Site "Germany"]
[Date "2012.10.06"]
[Round "1"]
[White "Jaracz Barbara (POL)"]
[Black "Heinicke Wenke (GER)"]
[Result "1-0"]
[WhiteElo "2302"]
[BlackElo "2074"]

1.e4 e6 2.d4 d5 3.Nd2 Nf6 4.e5 Nfd7 5.Bd3 c5 6.c3 Nc6 7.Ne2 Qb6 8.Nf3 cxd4
9.cxd4 f6 10.exf6 Nxf6 11.O-O Bd6 12.b3 O-O 13.Bb2 Bd7 14.Nc3 Nb4 15.Bb1 a5
16.Ne5 Be8 17.a3 Nc6 18.Na4 Qc7 19.f4 b5 20.Nc3 Nxd4 21.Kh1 Qa7 22.Nxd5 Nxd5
23.Bxd4 Bc5 24.Qc2 {#r} 1-0

[Event "It (open)"]
[Site "High Wycombe (England)"]
[Date "2012.10.14"]
[Round "5"]
[White "Wang Xingliang Anna (ENG)"]
[Black "Nettleton Charlie (ENG)"]
[Result "1-0"]
[WhiteElo "1827"]
[BlackElo "1836"]

1.e4 e6 2.d4 d5 3.Nd2 Nf6 4.e5 Nfd7 5.Bd3 c5 6.c3 Nc6 7.Ne2 cxd4 8.cxd4 Nb4
9.Bb1 Nb6 10.O-O Bd7 11.Nc3 Be7 12.Nf3 f6 13.exf6 Bxf6 14.Ne5 Qe7 15.Bf4 O-O-O
16.Qc1 Bc6 17.a3 Na6 18.Nb5 Bxe5 19.Bxe5 Kd7 20.Nxa7 Nc4 21.Nxc6 bxc6 22.Bg3
Nc7 23.Bd3 Nd6 24.Qc2 {#r} 1-0